|
|
|
|
| LEADER |
00000naa a2200000uu 4500 |
| 001 |
vtls011078306 |
| 003 |
SK-MaSNL |
| 005 |
20260302141629.0 |
| 008 |
210905|2008 xo |||||||||||||||||eng| |
| 015 |
|
|
|a SNBRA
|
| 035 |
|
|
|a (urnnbn)urn:nbn:sk:snk:ar-a0cgcc
|
| 035 |
|
|
|a (uuid)74f46967-2b7f-4cf7-ad0a-d780bfad83a7
|
| 035 |
|
|
|a urn:nbn:sk:snk-aavmf7
|
| 040 |
|
|
|a SNKBUCL
|b slo
|c SNKBUCL
|e AACR2
|
| 041 |
0 |
|
|a eng
|
| 044 |
|
|
|a xo
|c SK
|
| 100 |
1 |
|
|a Hartig, Karl-Johann
|4 aut
|9 829330
|
| 245 |
1 |
4 |
|a The New Vienna Central Railway Station Project - Rail Infrastructure and Urban Development
|c Karl-Johann Hartig
|
| 773 |
0 |
|
|t Verejná osobná doprava 2008
|d Bratislava : Kongres management, 2008
|g S. 34-38
|z 9788089275120
|
| 958 |
|
|
|a OND
|
| 958 |
|
|
|a article12
|
| 958 |
|
|
|a chapter
|
| 999 |
|
|
|c 1336282
|d 1338212
|